000 00927nam a2200229 a 4500
001 000013831
005 20260324092932.0
008 091130s2004 dr a 000 e spa d
040 _aDO-SdBNP
_bspa
_cBNPHU
082 _aRD864.44
_bP853c
100 1 _aPortorreal, Johnny
_d1953-
_931331
245 1 0 _aCaer en la carcel /
_cJohnny Portorreal Reyes; Editor Pablo Mejia.
260 _aSanto Domingo :
_b[s.n.],
_c2004.
300 _a162 p. ;
_c24 cm.
504 _aIncluye referencias bibliografícas
500 _aIncluye datos bigráficos del autor en la contracubierta
500 _aLo que todo hombre y mujer y debe saber sobre las leyes. peninteciarias reales de las carceles por dentro y por fuera. Relatos de hechos horrorosos en prisiones y algunas vivencias del autor.
650 4 _aEnsayos dominicanos
_xRelatos personales
_931332
650 0 _aPrisiones
_917091
700 1 _aMejia, Pablo
_931333
049 _aBNPD
999 _c13442
_d13442